LEADER 01303nam 2200373 450 001 9910132082203321 005 20240208173529.0 010 $a1-55442-818-1 035 $a(CKB)3680000000169092 035 $a(NjHacI)993680000000169092 035 $a(EXLCZ)993680000000169092 100 $a20240208d2004 uy 0 101 0 $afre 135 $aur||||||||||| 181 $ctxt$2rdacontent 182 $cc$2rdamedia 183 $acr$2rdacarrier 200 13$aLe be?ne?volat $eentre le coeur et la raison /$fSuzie Robichaud 210 1$aChicoutimi :$cJ.-M. Tremblay,$d2004. 215 $a1 online resource 225 1 $aClassiques des sciences sociales 327 $aChapitre 1 : E?tat et gratuite? -- Chapitre 2 : Discours et arguments -- Chapitre 3 : Structures et proce?dure -- Chapitre 4 : Direction et gestion -- Chapitre 5 : Solidarite? et intervention -- Chapitre 6 : Romantisme et institution -- Bibliographie -- Appendices. 410 0$aClassiques des sciences sociales. 517 $aLe bénévolat 606 $aVoluntarism 615 0$aVoluntarism. 676 $a361.37 700 $aRobichaud$b Suzie$0970280 801 0$bNjHacI 801 1$bNjHacl 906 $aBOOK 912 $a9910132082203321 996 $aLe be?ne?volat$93910114 997 $aUNINA LEADER 01749nam0 22003853i 450 001 VAN00242229 005 20241202031420.3 017 70$2N$a9783319334141 100 $a20220304d2016 |0itac50 ba 101 $aeng 102 $aCH 105 $a|||| ||||| 181 $ai$b e 182 $ab 200 1 $aProgress in Enantioselective Cu(I)-catalyzed Formation of Stereogenic Centers$feditor Syuzanna R. Harutyunyan 210 $aCham$cSpringer$d2016 215 $aVII, 224 p.$cill.$d24 cm 410 1$1001VAN00123348$12001 $aTopics in Organometallic Chemistry$1210 $aCham$cSpringer$v58 620 $aCH$dCham$3VANL001889 676 $a540$cChimica generale$v22 676 $a541$cChimica fisica$v22 676 $a541.395$cCatalisi$v22 676 $a661$cChimica organica applicata$v22 702 1$aHarutyunyan$bSyuzanna R.$3VANV198132 712 $aSpringer $3VANV108073$4650 790 1$aHarutyunyan, S.R.$zHarutyunyan, Syuzanna R.$3VANV202164 790 1$aHarutyunyan, S. R.$zHarutyunyan, Syuzanna R.$3VANV202165 801 $aIT$bSOL$c20241206$gRICA 856 4 $uhttps://link.springer.com/book/10.1007/978-3-319-33414-1$zE-book - Accesso al full-text attraverso riconoscimento IP di Ateneo, proxy e/o Shibboleth 899 $aBIBLIOTECA DEL DIPARTIMENTO DI SCIENZE E TECNOLOGIE AMBIENTALI BIOLOGICHE E FARMACEUTICHE$1IT-CE0101$2VAN17 912 $fN 912 $aVAN00242229 950 $aBIBLIOTECA DEL DIPARTIMENTO DI SCIENZE E TECNOLOGIE AMBIENTALI BIOLOGICHE E FARMACEUTICHE$d17CONS e-book 2220 $e17BIB2220/116 116 20220304 996 $aProgress in Enantioselective Cu(I)-catalyzed Formation of Stereogenic Centers$92517642 997 $aUNICAMPANIA